000 00338 a2200157 4500
003 OSt
005 20210929083743.0
008 210929b |||||||| |||| 00| 0 eng d
020 _a1561340790
040 _chu
082 _a301.2/ant
245 _aanthrpology
260 _apasadena
_bhall
_c1992
300 _a240
942 _2ddc
_cBOOKS
_n0
999 _c7282
_d7282